|
|
|
|
| LEADER |
00000nam0a2200000 4500 |
| 001 |
353792 |
| 005 |
20231102010628.0 |
| 035 |
|
|
|a (RuTPU)RU\TPU\retro\11049
|
| 090 |
|
|
|a 353792
|
| 100 |
|
|
|a 20200601d1973 km y0rusy50 ca
|
| 101 |
0 |
|
|a rus
|
| 102 |
|
|
|a RU
|
| 105 |
|
|
|a a z 001zy
|
| 200 |
1 |
|
|a Методы расчета температурного режима мерзлых грунтов
|f Г. М. Фельдман
|g Академия наук СССР ; СССР, Государственный комитет по делам строительства ; Производственный и научно-исследовательский институт по инженерным изысканиям в строительстве
|
| 210 |
|
|
|a Москва
|c Наука
|d 1973
|
| 215 |
|
|
|a 254 с.
|c ил.
|
| 320 |
|
|
|a Библиогр.: с. 250-252
|
| 606 |
1 |
|
|a Грунты мерзлые
|x Температурный режим
|x Строительная механика
|2 stltpush
|3 (RuTPU)RU\TPU\subj\65621
|9 82111
|
| 610 |
1 |
|
|a расчеты
|
| 610 |
1 |
|
|a методы
|
| 610 |
1 |
|
|a вечномерзлые грунты
|
| 610 |
1 |
|
|a промерзание
|
| 610 |
1 |
|
|a динамика
|
| 610 |
1 |
|
|a кондуктивная теплопроводность
|
| 610 |
1 |
|
|a фазовые переходы
|
| 610 |
1 |
|
|a теплоемкость
|
| 610 |
1 |
|
|a протаивание
|
| 610 |
1 |
|
|a годовые циклы
|
| 610 |
1 |
|
|a годовые колебания
|
| 610 |
1 |
|
|a сезонное промерзание
|
| 610 |
1 |
|
|a сезонное протаивание
|
| 675 |
|
|
|a 624.139.2/.3
|v 4
|
| 700 |
|
1 |
|a Фельдман
|b Г. М.
|g Григорий Матусович
|
| 712 |
0 |
2 |
|a Академия наук СССР
|c (Ленинград/Москва)
|c (1925-1991)
|2 stltpush
|3 (RuTPU)RU\TPU\col\722
|9 23473
|
| 712 |
0 |
1 |
|a СССР
|b Государственный комитет по делам строительства
|c (1950-1991)
|2 stltpush
|3 (RuTPU)RU\TPU\col\7934
|9 24434
|
| 712 |
0 |
2 |
|a Производственный и научно-исследовательский институт по инженерным изысканиям в строительстве
|c (Москва)
|2 stltpush
|3 (RuTPU)RU\TPU\col\7464
|9 24332
|
| 801 |
|
1 |
|a RU
|b 63413507
|c 20200601
|
| 801 |
|
2 |
|a RU
|b 63413507
|c 20201201
|g RCR
|
| 942 |
|
|
|c BK
|